The Succession Act 1925 / (Record no. 540991)

000 -LEADER
fixed length control field 00378nam a22001217a 4500
082 ## - DEWEY DECIMAL CLASSIFICATION NUMBER
Classification number 346.052
100 ## - MAIN ENTRY--PERSONAL NAME
Personal name Chaudhary, Muhammad Irfan-Ul-Haq
245 ## - TITLE STATEMENT
Title The Succession Act 1925 /
Statement of responsibility, etc. Muhammad Irfan-Ul-Haq Chaudhary
260 ## - PUBLICATION, DISTRIBUTION, ETC.
Place of publication, distribution, etc. Lahore :
Name of publisher, distributor, etc. Al-Haq law Book Center,
Date of publication, distribution, etc. 2018.
300 ## - PHYSICAL DESCRIPTION
Extent 447 p. ;
Dimensions 24cm.
942 ## - ADDED ENTRY ELEMENTS (KOHA)
Source of classification or shelving scheme
Koha item type Book
Holdings
Withdrawn status Lost status Source of classification or shelving scheme Damaged status Not for loan Permanent Location Current Location Shelving location Date acquired Source of acquisition Full call number Barcode Date last seen Price effective from Koha item type Total Checkouts
          NUST Law School (NLS) NUST Law School (NLS) Law 11/13/2020 Golden Books 346.052 CHA CL-463 11/13/2020 11/13/2020 Book  
          NUST Law School (NLS) NUST Law School (NLS)   02/28/2025   346.052 NLS-244 02/28/2025 02/28/2025 Book  
          NUST Law School (NLS) NUST Law School (NLS)   02/28/2025   346.052 NLS-245 02/28/2025 02/28/2025 Book  
          NUST Law School (NLS) NUST Law School (NLS)   02/28/2025   346.052 NLS-246 02/28/2025 02/28/2025 Book  
© 2023 Central Library, National University of Sciences and Technology. All Rights Reserved.